Miasta w kwadratach na mapie - Ameryka Północna - Statystyki

Ogólne statystyki
  • Ten quiz został rozwiązany 3 380 razy
    3 369 od ostatniego zresetowania
  • Średni wynik to 12 z 35
Odpowiedzi na mapie
Odpowiedzi zakodowano w zielono-czerwonej skali na mapie do tego quizu, zgodnie z poniższymi procentami.
 
Statystyki odpowiedzi
Miasto % Poprawnych
Nowy Jork
93%
Los Angeles
83%
Meksyk
83%
Chicago
70%
Toronto
66%
Hawana
63%
Panama
55%
Seattle
54%
Boston
48%
Houston
46%
Santo Domingo
38%
Denver
36%
Kingston
36%
Honolulu
35%
Atlanta
34%
Phoenix
33%
San Jose
33%
Anchorage
30%
Tegucigalpa
25%
Calgary
24%
Managua
24%
Jacksonville
20%
Monterrey
20%
Winnipeg
19%
Milwaukee
15%
Oklahoma City
15%
Cancún
12%
St John's
9%
Providence
8%
Saskatoon
8%
Billings
5%
Sioux Falls
5%
Willemstad
4%
Culiacán
3%
Puerto Vallarta
3%
Nie znaleziono quizów pasujących do podanych kryteriów
Rozkład punktacji
Procent ludzi z każdym wynikiem
Percentyl według liczby udzielonych odpowiedzi
Twoja historia wyników
Nie rozwiązałeś tego quizu od ostatniego zresetowania